[Event "POLFINALY MISTRZOSTW POLSKI JUNIOROW 2021 C-17"]
[Site "Jatrzebia Gora"]
[Date "1899-12-30"]
[Round "6.3"]
[White "Lenart, Jakub"]
[Black "Topola, Rafal"]
[Result "1/2-1/2"]
[WhiteTitle "I"]
[BlackTitle "I"]
[WhiteElo "1660"]
[BlackElo "1961"]

1. d4 Nf6 2. c4 e6 3. g3 d5 4. Bg2 Be7 5. Nf3 O-O 6. O-O c6 7. b3 b6 8. Qc2 Bb7
9. Nc3 Nbd7 10. Bb2 Rc8 11. e4 dxe4 12. Nxe4 c5 13. Nxf6+ Bxf6 14. Ng5 Bxg5 15.
Bxb7 Rc7 16. dxc5 Rxb7 17. c6 Rc7 18. cxd7 Rxd7 19. Rad1 h6 20. Rxd7 Qxd7 21.
Rd1 Qe7 22. Qd3 Qc5 23. Qe4 Qe7 24. Qd3 Qc5 25. Qe4 Qe7 26. Rd3 Bf6 27. Bxf6 Qxf6
28. Qd4 Qe7 29. Qd6 Qf6 30. Kg2 Qb2 31. Rd2 Qc3 32. Qd7 Qa5 33. Qd6 Qc3 34. Rd3
Qb2 35. a3 Qc2 36. Qd7 g6 37. Qd4 Rc8 38. Rf3 Rf8 39. b4 Qa4 40. h4 Qc6 41. b5
Qb7 42. Qf6 Qe4 43. Qf4 Qxf4 44. Rxf4 Rd8 45. Rf3 Kg7 46. Rc3 Rc8 47. Kf3 Kf6
48. a4 Ke5 49. Ke3 Rc7 50. Kd3 Kd6 51. a5 Kc5 52. axb6 axb6 53. Kc2 Rd7 54. Kb3
e5 55. Re3 f6 56. f4 exf4 57. gxf4 Rd4 58. Re6 Rd3+ 59. Kc2 Rd6 60. Re4 f5 61.
Re5+ Kxc4 62. h5 gxh5 63. Rxf5 h4 64. Rh5 Kd4 65. Rxh4 Ke4 66. Kc3 Rf6 67. Kc4
Rg6 68. Kb4 Rd6 69. Kc3 Re6 70. Kb4 Rf6 71. Kc4 Rd6 72. Kc3 Kd5 73. Rh5+ Ke4 1/2-1/2

[Event "POLFINALY MISTRZOSTW POLSKI JUNIOROW 2021 C-17"]
[Site "Jatrzebia Gora"]
[Date "1899-12-30"]
[Round "6.4"]
[White "Zabron, Maksym"]
[Black "Jozefik, Aleksander"]
[Result "1-0"]
[WhiteTitle "I++"]
[BlackTitle "I"]
[WhiteElo "1896"]
[BlackElo "1601"]

1. d4 Nf6 2. c4 e6 3. Nf3 b6 4. a3 Bb7 5. Nc3 d5 6. cxd5 exd5 7. g3 Nbd7 8. Bg2
Be7 9. O-O O-O 10. Nh4 Ne4 11. Nf5 Nxc3 12. bxc3 Rc8 13. Nxe7+ Qxe7 14. a4 Qe6
15. Re1 Rfe8 16. a5 a6 17. c4 Nf6 18. cxd5 Nxd5 19. e4 Nc3 20. Qc2 Nb5 21. Bb2
bxa5 22. d5 Qg6 23. Qd2 c6 24. Qxa5 cxd5 25. exd5 Qd6 26. Rxe8+ Rxe8 27. Re1 Rf8
28. Be5 Qc5 29. Qd2 h6 30. Rc1 Qb6 31. Qf4 Rc8 32. Rxc8+ Bxc8 33. Qe3 Qa5 34.
Bb2 Nd6 35. Qe5 f6 36. Qxd6 Qe1+ 37. Bf1 Bh3 38. Qxa6 1-0

[Event "POLFINALY MISTRZOSTW POLSKI JUNIOROW 2021 C-17"]
[Site "Jatrzebia Gora"]
[Date "1899-12-30"]
[Round "6.5"]
[White "Kasprzak, Lukasz"]
[Black "Bartlomowicz, Jakub"]
[Result "1-0"]
[WhiteTitle "II+"]
[BlackTitle "I"]
[WhiteElo "1758"]
[BlackElo "1842"]

1. d4 d5 2. c4 c6 3. Nf3 Nf6 4. Nc3 e6 5. Bg5 Be7 6. e3 Nbd7 7. Bd3 O-O 8. O-O
h6 9. Bh4 dxc4 10. Bxc4 b5 11. Be2 Bb7 12. a3 a5 13. Qc2 Rc8 14. Rfd1 b4 15. axb4
Bxb4 16. Ne5 g5 17. Bg3 Qe7 18. Bf3 Nxe5 19. dxe5 Nd5 20. Ne4 Rcd8 21. Rxd5 1-0

[Event "POLFINALY MISTRZOSTW POLSKI JUNIOROW 2021 C-17"]
[Site "Jatrzebia Gora"]
[Date "1899-12-30"]
[Round "6.6"]
[White "Ullrich, Karol"]
[Black "Kalkowski, Igor"]
[Result "1-0"]
[WhiteTitle "II+"]
[BlackTitle "I+"]
[WhiteElo "1605"]
[BlackElo "1839"]

1. e4 c5 2. Nf3 d6 3. d4 cxd4 4. Nxd4 Nf6 5. Nc3 Nc6 6. Bc4 g6 7. f3 Qb6 8. Bb5
Bd7 9. Be3 Qc7 10. Qd2 Bg7 11. O-O-O O-O 12. Bxc6 bxc6 13. Bh6 Bxh6 14. Qxh6 d5
15. h4 c5 16. Ndb5 Qb8 17. h5 d4 18. Nd5 Nxd5 19. exd5 Qg3 20. Nc7 Rac8 21. hxg6
Qxg6 22. Qf4 Qd6 23. Qg5+ Qg6 24. Qf4 Qd6 25. Qg5+ Qg6 26. Qf4 Kg7 27. Rh4 h6
28. Re1 Qd6 29. Ne6+ fxe6 30. Qxh6+ Kf7 31. Qh5+ Kf6 32. Qh6+ Kf7 33. Rf4+ 1-0

[Event "POLFINALY MISTRZOSTW POLSKI JUNIOROW 2021 C-17"]
[Site "Jatrzebia Gora"]
[Date "1899-12-30"]
[Round "6.7"]
[White "Celebias, Filip"]
[Black "Borkowski, Szymon"]
[Result "0-1"]
[WhiteTitle "II+"]
[BlackTitle "I"]
[WhiteElo "1534"]
[BlackElo "1696"]

1. d4 Nf6 2. c4 g6 3. Nc3 Bg7 4. e4 d6 5. h3 O-O 6. Be3 e5 7. d5 c6 8. g4 Na6 9.
Nge2 Qa5 10. Ng3 cxd5 11. exd5 Nc5 12. Qd2 Nb3 13. axb3 Qxa1+ 14. Ke2 Qa5 15.
g5 Ne8 16. h4 f5 17. gxf6 Nxf6 18. f3 h5 19. Rg1 Kh7 20. Qc2 Bh6 21. Bxh6 Kxh6
22. Qc1+ Kh7 23. Qg5 Qc7 24. Nge4 Qg7 25. Nxd6 e4 26. fxe4 Ng4 27. Nd1 Ne5 28.
Nxc8 Nf3 29. Qg3 Nxg1+ 30. Qxg1 Raxc8 31. Qxa7 Qe7 32. Nc3 Qxh4 33. Qxb7+ Kh6
34. Qb6 Qh2+ 35. Kd3 Rf3+ 0-1

[Event "POLFINALY MISTRZOSTW POLSKI JUNIOROW 2021 C-17"]
[Site "Jatrzebia Gora"]
[Date "1899-12-30"]
[Round "6.8"]
[White "Ciborowski, Konrad Jr"]
[Black "Dahche, Abdel-azziz"]
[Result "1-0"]
[WhiteTitle "I++"]
[BlackTitle "I"]
[WhiteElo "1871"]
[BlackElo "1656"]

1. f4 d5 2. Nf3 c5 3. d3 Nf6 4. g3 Nc6 5. Bg2 Bg4 6. Nbd2 d4 7. O-O Nd5 8. Nc4
Bxf3 9. Bxf3 g6 10. e4 dxe3 11. c3 Bg7 12. Nxe3 Nf6 13. Nc4 h5 14. Qb3 Qc8 15.
Ne5 e6 16. Qxb7 Qxb7 17. Bxc6+ Qxc6 18. Nxc6 h4 19. Ne5 hxg3 20. hxg3 Nd5 21.
Nc4 O-O-O 22. Kg2 Nf6 23. Ne5 Rh5 24. Be3 Nd5 25. Bxc5 Bxe5 26. fxe5 Rxe5 27.
Rxf7 Nxc3 28. Bxa7 Re2+ 29. Rf2 Rxf2+ 30. Kxf2 Nb5 31. Be3 Rxd3 32. Rc1+ Kb7 33.
Rc4 Rd6 34. a4 Na7 35. Bxa7 Kxa7 36. b4 Kb6 37. Re4 Kb7 38. Ke3 Ra6 39. a5 Rc6
40. Kf4 Kc7 41. Kg5 Rc3 42. g4 Kd6 43. Kxg6 Kd5 44. Rf4 e5 45. Rf5 Rc4 46. g5
Rxb4 47. Kf6 Re4 48. g6 Kd6 49. g7 Rg4 50. Rg5 1-0

[Event "POLFINALY MISTRZOSTW POLSKI JUNIOROW 2021 C-17"]
[Site "Jatrzebia Gora"]
[Date "1899-12-30"]
[Round "6.9"]
[White "Skrzypczynski, Kacper"]
[Black "Smuda, Tomasz"]
[Result "1-0"]
[WhiteTitle "I"]
[BlackTitle "I"]
[WhiteElo "1762"]
[BlackElo "1529"]

1. d4 d5 2. c4 e6 3. Nc3 Nf6 4. cxd5 exd5 5. Bg5 Be7 6. e3 c6 7. Bd3 O-O 8. Nf3
Nbd7 9. O-O Re8 10. Rb1 a5 11. Qc2 h6 12. Bf4 Nh5 13. Nxd5 Nxf4 14. Nxf4 Bd6 15.
Ne2 Nf8 16. Bf5 Qf6 17. Bxc8 Raxc8 18. Ng3 Bxg3 19. hxg3 Ne6 20. Qb3 Rc7 21. Rbc1
Rd7 22. Ne5 Rde7 23. Nc4 a4 24. Qb4 Ng5 25. Nd2 h5 26. Rc5 h4 27. gxh4 Ne4 28.
Nxe4 Rxe4 29. Qa5 b5 30. Qc7 Rxh4 31. Qxc6 Re6 32. Qa8+ Kh7 33. Rc8 Rg4 34. Rh8+
Kg6 35. Rc1 Qf5 36. Rh3 Rg5 37. Qh8 Kf6 38. Rh6+ 1-0

[Event "POLFINALY MISTRZOSTW POLSKI JUNIOROW 2021 C-17"]
[Site "Jatrzebia Gora"]
[Date "1899-12-30"]
[Round "6.10"]
[White "Galeziewski, Olaf"]
[Black "Kossowski, Pawel"]
[Result "1/2-1/2"]
[WhiteTitle "II"]
[BlackTitle "I"]
[WhiteElo "1607"]
[BlackElo "1761"]

1. d4 Nf6 2. c4 e6 3. Nf3 Bb4+ 4. Bd2 Qe7 5. a3 Bxd2+ 6. Qxd2 O-O 7. Nc3 d6 8.
e4 e5 9. d5 a5 10. b3 Bg4 11. Be2 Na6 12. O-O Nh5 13. Ne1 Bxe2 14. Qxe2 Nf4 15.
Qe3 Nc5 16. Rb1 f5 17. exf5 Rxf5 18. Ne4 Nxe4 19. Qxe4 Qg5 20. Nd3 Raf8 21. Nxf4
Rxf4 22. Qe3 Qg6 23. f3 Rxf3 24. Rxf3 Qxb1+ 25. Kf2 Qb2+ 26. Kg3 Rxf3+ 27. gxf3
Qxa3 28. Qg5 Qc5 29. Qd8+ Kf7 30. Qd7+ Kf8 31. Qd8+ Kf7 32. Qd7+ Kf8 33. Qd8+
1/2-1/2

[Event "POLFINALY MISTRZOSTW POLSKI JUNIOROW 2021 C-17"]
[Site "Jatrzebia Gora"]
[Date "1899-12-30"]
[Round "6.11"]
[White "Piechota, Kamil"]
[Black "Mocko, Maciej"]
[Result "1-0"]
[WhiteTitle "I"]
[BlackTitle "II"]
[WhiteElo "1752"]
[BlackElo "1527"]

1. e4 c5 2. c3 d5 3. exd5 Qxd5 4. d4 Nc6 5. Nf3 Bg4 6. Be2 e6 7. O-O Nf6 8. Be3
cxd4 9. cxd4 Be7 10. Nc3 Qd6 11. a3 O-O 12. Qb3 a6 13. Rfd1 Rfd8 14. Rac1 b5 15.
d5 exd5 16. h3 Be6 17. Nd4 Na5 18. Qa2 Nc4 19. Bg5 Rac8 20. a4 b4 21. Nxe6 Qxe6
22. Bxf6 bxc3 23. Bxc3 Qxe2 24. Re1 Qd3 25. Rxe7 Re8 26. Rce1 Rxe7 27. Rxe7 d4
28. Rd7 Qd1+ 29. Kh2 Qe2 30. Rxd4 h6 31. Qb3 Ne5 32. Rf4 Nc4 33. Qb7 Qe6 34. Rg4
g5 35. Qf3 Ne5 36. Bxe5 Qxe5+ 37. Qg3 Qxg3+ 38. Kxg3 Rb8 39. b4 Kg7 40. Rc4 Rb6
41. h4 Kg6 42. hxg5 hxg5 43. f4 gxf4+ 44. Kxf4 Kf6 45. g4 Ke6 46. a5 Rd6 47. g5
Kd5 48. Rc7 Ke6 49. Rb7 Rc6 50. Rb6 Kd5 51. Rxc6 Kxc6 52. Kf5 Kb5 53. Kf6 Kxb4
54. Kxf7 Kxa5 55. g6 Kb4 56. g7 a5 57. g8=Q a4 58. Qg1 Kb3 59. Qa1 a3 60. Ke6
1-0

[Event "POLFINALY MISTRZOSTW POLSKI JUNIOROW 2021 C-17"]
[Site "Jatrzebia Gora"]
[Date "1899-12-30"]
[Round "6.12"]
[White "Wysocki, Mateusz"]
[Black "Pieczulis, Blazej"]
[Result "1-0"]
[WhiteTitle "I+"]
[BlackTitle "I"]
[WhiteElo "1955"]
[BlackElo "1726"]

1. e4 c6 2. Nc3 d5 3. Nf3 Nf6 4. e5 Ne4 5. d4 Nxc3 6. bxc3 Bg4 7. c4 e6 8. c3 c5
9. cxd5 exd5 10. Be2 Nc6 11. O-O Be7 12. h3 Bh5 13. Be3 c4 14. g4 Bg6 15. Ne1
O-O 16. f4 Be4 17. Bf3 Bxf3 18. Qxf3 f5 19. exf6 Bxf6 20. Ng2 Qd6 21. f5 Rae8
22. Bf4 Qd7 23. Rae1 b5 24. Ne3 Rd8 25. g5 Be7 26. Qh5 Bd6 27. g6 h6 28. Bxh6
gxh6 29. f6 Ne7 30. g7 Rf7 31. Ng4 Qe8 32. Nxh6+ Kh7 33. Nxf7+ Kg8 34. fxe7 1-0

[Event "POLFINALY MISTRZOSTW POLSKI JUNIOROW 2021 C-17"]
[Site "Jatrzebia Gora"]
[Date "1899-12-30"]
[Round "6.13"]
[White "Owoc, Jakub"]
[Black "Kitewski, Bartosz"]
[Result "1/2-1/2"]
[WhiteTitle "I"]
[BlackTitle "I+"]
[WhiteElo "1751"]
[BlackElo "1946"]

1. d4 Nf6 2. c4 e6 3. Nf3 b6 4. g3 Bb7 5. Bg2 Be7 6. O-O O-O 7. d5 exd5 8. Nh4
c6 9. cxd5 Nxd5 10. Nf5 Nc7 11. e4 d5 12. Nc3 Re8 13. Bf4 Nba6 14. Re1 Bf8 15.
exd5 Rxe1+ 16. Qxe1 Nxd5 17. Rd1 Qf6 18. Nxd5 cxd5 19. Qe5 Qxe5 20. Bxe5 f6 21.
Bd6 Rd8 22. Bxd5+ Bxd5 23. Rxd5 g6 24. Bxf8 Rxd5 25. Ne7+ Kxf8 26. Nxd5 Kf7 27.
Kf1 Ke6 28. Nc3 Nb4 29. Ke2 a6 30. a3 Nd5 31. Ne4 Ke5 1/2-1/2

[Event "POLFINALY MISTRZOSTW POLSKI JUNIOROW 2021 C-17"]
[Site "Jatrzebia Gora"]
[Date "1899-12-30"]
[Round "6.14"]
[White "Wojciechowski, Franciszek"]
[Black "Stachecki, Mikolaj"]
[Result "0-1"]
[WhiteTitle "I"]
[BlackTitle "I+"]
[WhiteElo "1716"]
[BlackElo "1899"]

1. d4 d5 2. Bf4 Nf6 3. e3 c5 4. c3 Qb6 5. Qc2 Nc6 6. Nd2 g6 7. h3 Bf5 8. Qc1 Bg7
9. Ngf3 Rc8 10. Nb3 Ne4 11. Be2 a5 12. dxc5 Nxc5 13. Nbd4 Nxd4 14. exd4 Na4 15.
Nh4 Be4 16. f3 Bxd4 17. fxe4 Bf2+ 18. Kf1 Bxh4 19. g3 Bf6 20. e5 Bg7 21. Be3 Qc6
22. Bd4 O-O 23. Kg2 Nc5 24. Qe3 Nd7 25. Bg4 e6 26. Rae1 b5 27. h4 b4 28. h5 bxc3
29. Bxc3 d4+ 30. Bf3 dxe3 0-1

[Event "POLFINALY MISTRZOSTW POLSKI JUNIOROW 2021 C-17"]
[Site "Jatrzebia Gora"]
[Date "1899-12-30"]
[Round "6.15"]
[White "Labedz, Dawid"]
[Black "Haliniak, Wojciech"]
[Result "0-1"]
[WhiteTitle "II+"]
[BlackTitle "I"]
[WhiteElo "1542"]
[BlackElo "1827"]

1. e4 Nf6 2. e5 Nd5 3. c4 Nb6 4. d4 d6 5. exd6 cxd6 6. Nc3 g6 7. Be3 Bg7 8. Rc1
O-O 9. b3 Bf5 10. Bd3 Bxd3 11. Qxd3 a5 12. Nf3 e6 13. d5 e5 14. Qd2 Na6 15. Bh6
Nc5 16. Bxg7 Kxg7 17. O-O f5 18. Nb5 f4 19. Qc2 g5 20. Nd2 g4 21. f3 g3 22. h3
Rf6 23. a3 Rh6 24. Ne4 Nxe4 25. Qxe4 Qd7 26. Rfd1 Nc8 27. Kf1 b6 28. Ra1 Ne7 29.
Rd3 Rxh3 30. Ke2 Rh2 31. Rg1 Kf6 32. Kd1 Nf5 33. Kc1 Ne3 34. Rxe3 fxe3 35. Qxe3
a4 36. Qxb6 axb3 37. Nc3 Rxa3 38. Kb2 Ra7 39. Ne4+ Ke7 40. c5 Ra2+ 41. Kc3 b2
42. cxd6+ Kf7 43. Qc7 Ra7 44. Qxd7+ Rxd7 45. Kxb2 h5 46. Kc3 h4 47. Kc4 Ra7 48.
Ng5+ Ke8 49. Kd3 Ra2 50. Re1 Rhxg2 51. Rxe5+ Kd7 52. Ne4 Ra3+ 53. Kd4 Ra4+ 54.
Kd3 Rxe4 55. fxe4 Kxd6 56. Re6+ Kd7 57. Ke3 h3 58. Rh6 h2 59. e5 Rg1 60. Rh7+
Kd8 61. Rh8+ Ke7 62. Rh7+ Kf8 63. d6 h1=Q 64. d7 Re1+ 65. Kf4 Qe4+ 66. Kxg3 Rg1+
67. Kf2 Rg2+ 0-1

[Event "POLFINALY MISTRZOSTW POLSKI JUNIOROW 2021 C-17"]
[Site "Jatrzebia Gora"]
[Date "1899-12-30"]
[Round "6.16"]
[White "Sawicki, Wojciech"]
[Black "Majdanski, Maksymilian"]
[Result "1-0"]
[WhiteTitle "II"]
[BlackTitle "I++"]
[WhiteElo "1505"]
[BlackElo "1914"]

1. e4 c5 2. Nf3 Nc6 3. Bb5 e6 4. O-O Nge7 5. Re1 a6 6. Bf1 Ng6 7. c3 d5 8. exd5
Qxd5 9. d4 cxd4 10. cxd4 Bb4 11. Nc3 Bxc3 12. bxc3 O-O 13. c4 Qd6 14. Bb2 Rd8
15. Qd2 Rb8 16. a4 Nce7 17. Qc3 f6 18. Rad1 Qc6 19. Qb3 Bd7 20. Ra1 Kh8 21. Ba3
Re8 22. d5 exd5 23. Nd4 Qc7 24. cxd5 Qf4 25. Ne6 Qg4 26. h3 Qf5 27. Nc7 Rec8 28.
Bxe7 Rxc7 29. Bd6 Rcc8 30. Bxb8 Rxb8 31. Bd3 Qf4 32. Bxg6 hxg6 33. Qe3 Qf5 34.
Qe4 Qg5 35. f4 Qh5 36. a5 g5 37. fxg5 Qxg5 38. Qf3 Rc8 39. Re7 Bf5 40. Qe3 Qh4
41. Re8+ Rxe8 42. Qxe8+ Kh7 43. Qe3 Qb4 44. Kh1 Be4 45. Rd1 f5 46. d6 Qb2 47.
Rd2 Qa1+ 48. Kh2 Qe5+ 49. Qg3 Qxa5 50. Rd1 Qd8 51. d7 a5 52. Qd6 a4 53. Qg3 b5
54. h4 b4 55. Qg5 Qc7+ 56. Kh1 Qc3 57. Qh5+ Kg8 58. d8=Q# 1-0

[Event "POLFINALY MISTRZOSTW POLSKI JUNIOROW 2021 C-17"]
[Site "Jatrzebia Gora"]
[Date "1899-12-30"]
[Round "6.17"]
[White "Bednarczyk, Mateusz"]
[Black "Kopestynski, Michal"]
[Result "1/2-1/2"]
[WhiteTitle "I"]
[BlackTitle "I"]
[WhiteElo "1525"]
[BlackElo "1604"]

1. e4 c5 2. Nf3 Nc6 3. d4 cxd4 4. Nxd4 Nf6 5. Nc3 e6 6. Ndb5 Bb4 7. a3 Bxc3+ 8.
Nxc3 d5 9. exd5 exd5 10. Bd3 O-O 11. O-O d4 12. Ne4 Bf5 13. Bg5 Bxe4 14. Bxe4
Re8 15. Bxf6 Qxf6 16. Qf3 Qxf3 17. Bxf3 Kf8 18. Bxc6 bxc6 19. Rfe1 Rxe1+ 20. Rxe1
Re8 21. Rxe8+ Kxe8 22. Kf1 Kd7 23. Ke2 Ke6 24. Kd3 Kd5 25. c4+ dxc3 26. Kxc3 a5
27. Kd3 f5 28. f4 h5 29. h4 Kc5 30. Kc3 g6 31. g3 1/2-1/2

[Event "POLFINALY MISTRZOSTW POLSKI JUNIOROW 2021 C-17"]
[Site "Jatrzebia Gora"]
[Date "1899-12-30"]
[Round "6.18"]
[White "Szafranski, Maciej"]
[Black "Bekier, Piotr"]
[Result "0-1"]
[WhiteTitle "II+"]
[BlackTitle "II"]
[WhiteElo "1596"]
[BlackElo "1293"]

1. c4 g6 2. d3 f5 3. g3 Bg7 4. Bg2 e5 5. Nc3 Nc6 6. Nf3 Nf6 7. O-O O-O 8. Rb1 a5
9. a3 Qe7 10. e3 Rb8 11. Bd2 d6 12. b4 axb4 13. axb4 Be6 14. Ng5 Bd7 15. Nf3 h6
16. Qc2 Be6 17. Ne2 Bf7 18. b5 Nd8 19. Bb4 c6 20. bxc6 bxc6 21. Ba3 Ra8 22. Bb4
c5 23. Bc3 e4 24. dxe4 Nxe4 25. Bxg7 Kxg7 26. Nd2 Nxd2 27. Qxd2 Ra4 28. Ra1 Rxc4
29. Rfd1 Ne6 30. Nc3 Qd8 31. Nd5 h5 32. Bf1 Rg4 33. h3 Rg5 34. h4 Rg4 35. Bh3
Qxh4 36. Bxg4 Qxg4 37. Nf4 Nxf4 38. exf4 d5 39. Ra7 h4 40. Kg2 h3+ 41. Kh2 Qf3
42. Rg1 d4 43. Re7 Qd5 44. Qe2 Kg8 45. Kxh3 d3 46. Qd2 c4 47. Kh2 Rc8 48. Re3
Be6 49. Rc1 Rc7 50. Rxd3 Rh7+ 0-1

[Event "POLFINALY MISTRZOSTW POLSKI JUNIOROW 2021 C-17"]
[Site "Jatrzebia Gora"]
[Date "1899-12-30"]
[Round "6.19"]
[White "Chybalski, Piotr"]
[Black "Zielinski, Sebastian"]
[Result "0-1"]
[WhiteTitle "II"]
[BlackTitle "II+"]
[WhiteElo "1377"]
[BlackElo "1579"]

1. d4 d5 2. c4 c6 3. Nf3 Nf6 4. Qc2 dxc4 5. e4 b5 6. b3 cxb3 7. axb3 e6 8. Bd2
a5 9. Nc3 Bb7 10. Bd3 Na6 11. O-O Nb4 12. Qb1 Nxd3 13. Qxd3 Be7 14. Rfc1 O-O 15.
Rc2 b4 16. Na4 c5 17. Nxc5 Bxc5 18. Rxc5 Bxe4 19. Qc4 Bd5 20. Qd3 Bxf3 21. gxf3
h6 22. f4 Re8 23. f3 Re7 24. Qc4 Kh7 25. Kf2 Rd7 26. Qc2+ g6 27. f5 exf5 28. Qc4
Kg7 29. Be3 Nd5 30. Rh1 f4 31. Bd2 Nf6 32. Qc1 Rxd4 33. Bxf4 h5 34. Qa1 Rxf4 35.
Rd1 Qb6 36. Qe5 Qxc5+ 0-1

[Event "POLFINALY MISTRZOSTW POLSKI JUNIOROW 2021 C-17"]
[Site "Jatrzebia Gora"]
[Date "1899-12-30"]
[Round "6.20"]
[White "Komisarski, Jerzy"]
[Black "Falc, Pawel"]
[Result "1/2-1/2"]
[WhiteTitle "II"]
[BlackTitle "II+"]
[WhiteElo "1258"]
[BlackElo "1493"]

1. e4 e6 2. d4 d5 3. Nc3 Bb4 4. e5 c5 5. a3 cxd4 6. Qxd4 Nc6 7. Bb5 Bxc3+ 8. Qxc3
Qc7 9. Be3 Nge7 10. Bc5 Bd7 11. Bd6 Qb6 12. Bd3 Rc8 13. Ne2 d4 14. Qd2 Qxb2 15.
O-O Qb6 16. Qg5 Ng6 17. Nf4 Qd8 18. Qg3 Qh4 19. Nxg6 Qxg3 20. fxg3 hxg6 21. Rf2
Nd8 22. Raf1 Ba4 23. Be4 Bb5 24. Rb1 Ba6 25. Rb4 Nc6 26. Bxc6+ Rxc6 27. Rxd4 Rc4
28. Rfd2 Rxd4 29. Rxd4 f5 30. Bc5 b6 31. Rd6 Bc4 32. Bxb6 axb6 33. Rc6 Ba6 34.
Rxe6+ Kf7 35. Rxb6 Bc4 36. Rb7+ Ke6 37. Rxg7 Kxe5 38. Rxg6 Rd8 39. h4 Rd7 40.
g4 Rd1+ 41. Kf2 Rd2+ 42. Ke1 Rxg2 1/2-1/2

[Event "POLFINALY MISTRZOSTW POLSKI JUNIOROW 2021 C-17"]
[Site "Jatrzebia Gora"]
[Date "1899-12-30"]
[Round "6.21"]
[White "Werner, Kacper"]
[Black "Wolny, Dawid"]
[Result "0-1"]
[WhiteTitle "II+"]
[BlackTitle "II"]
[WhiteElo "1589"]
[BlackElo "1433"]

1. e4 c5 2. Nf3 e6 3. d4 cxd4 4. Nxd4 Nf6 5. Nc3 d6 6. Be2 Be7 7. Be3 a6 8. f4
Nc6 9. O-O O-O 10. Bf3 Qc7 11. Kh1 Bd7 12. g4 Nxd4 13. Bxd4 Bc6 14. g5 Nd7 15.
Qe2 b5 16. Qg2 b4 17. Ne2 e5 18. Be3 exf4 19. Bxf4 Ne5 20. Bxe5 dxe5 21. c4 Bc5
22. Rfd1 Rad8 23. Qf1 Qe7 24. Qg2 g6 25. h4 h6 26. Ng1 hxg5 27. Qxg5 Qxg5 28.
hxg5 Be3 29. Nh3 Kg7 30. Kg2 Rh8 31. Kg3 Bd7 32. Bg4 Bc6 33. Bf3 Bd2 34. Kg2 Rd4
35. b3 Rhd8 36. Nf2 Bxg5 37. Rxd4 Rxd4 38. Rd1 Rxd1 39. Nxd1 f5 40. Nf2 Be3 41.
exf5 Bxf3+ 42. Kxf3 Bxf2 43. f6+ Kxf6 44. Kxf2 g5 45. Ke3 Ke6 46. Kf3 Kd6 47.
Ke3 Kc5 48. Kf3 Kd4 49. Kg3 e4 50. Kg4 e3 51. Kf3 0-1

[Event "POLFINALY MISTRZOSTW POLSKI JUNIOROW 2021 C-17"]
[Site "Jatrzebia Gora"]
[Date "1899-12-30"]
[Round "6.22"]
[White "Mazonik, Oliwier"]
[Black "Nowak, Maciej"]
[Result "0-1"]
[WhiteTitle "II"]
[BlackTitle "II"]
[WhiteElo "1432"]
[BlackElo "1537"]

1. f4 Nf6 2. c4 e6 3. e3 b6 4. Nf3 Bb7 5. b3 Be7 6. Be2 O-O 7. Bb2 d6 8. O-O Nbd7
9. Qe1 a5 10. Qg3 Nc5 11. d4 Nce4 12. Qe1 c6 13. Nfd2 d5 14. Nxe4 Nxe4 15. Nd2
Bb4 16. Bc1 Bc3 17. Rb1 c5 18. cxd5 cxd4 19. Bf3 Bxd5 20. Kh1 d3 21. Bxe4 Bxe4
22. Ba3 Re8 23. Rc1 Bxd2 24. Qxd2 Qd5 25. Rc3 Rac8 26. Rfc1 Rxc3 27. Rxc3 Qh5
28. Rxd3 Bxd3 29. Qxd3 Qd5 30. Qc2 Rd8 31. h3 Qd1+ 32. Qxd1 Rxd1+ 33. Kh2 Rd2
34. Be7 Rxa2 35. Bd8 b5 0-1

[Event "POLFINALY MISTRZOSTW POLSKI JUNIOROW 2021 C-17"]
[Site "Jatrzebia Gora"]
[Date "1899-12-30"]
[Round "6.23"]
[White "Przybysz, Krzysztof"]
[Black "Jedrzejczak, Michal"]
[Result "0-1"]
[WhiteTitle "II"]
[BlackTitle "II"]
[WhiteElo "1133"]
[BlackElo "1448"]

1. e4 e5 2. Nf3 Nc6 3. Bb5 a6 4. Bxc6 dxc6 5. O-O f6 6. d4 Bg4 7. dxe5 Qxd1 8.
Rxd1 fxe5 9. Bg5 Bxf3 10. gxf3 Bd6 11. f4 h6 12. fxe5 Bxe5 13. Bc1 g5 14. Nd2
O-O-O 15. Re1 Ne7 16. Nf3 Ng6 17. Nxe5 Nxe5 18. Kg2 Rhf8 19. b3 Rf7 20. Bb2 Ng6
21. Rad1 Rdf8 22. Rf1 Nh4+ 23. Kg1 Rf4 24. Be5 Nf3+ 0-1

[Event "POLFINALY MISTRZOSTW POLSKI JUNIOROW 2021 C-17"]
[Site "Jatrzebia Gora"]
[Date "1899-12-30"]
[Round "6.24"]
[White "Wolcyrz, Jakub"]
[Black "Sliwa, Krzysztof"]
[Result "1-0"]
[WhiteTitle "II"]
[BlackTitle "II"]
[WhiteElo "1350"]
[BlackElo "1212"]

1. e4 e5 2. Nc3 Nf6 3. f4 d6 4. Nf3 exf4 5. d4 Nc6 6. Bc4 Bg4 7. Bxf4 Qd7 8. Qd2
O-O-O 9. O-O-O Nh5 10. d5 Nxf4 11. dxc6 Qxc6 12. Bb5 Qc5 13. Qxf4 Be6 14. Ng5
Be7 15. Nxe6 fxe6 16. Qg4 Bf6 17. Qxe6+ Kb8 18. Qb3 c6 19. Bd3 Kc7 20. Kb1 Rd7
21. Qc4 Qb6 22. Nd5+ 1-0

[Event "POLFINALY MISTRZOSTW POLSKI JUNIOROW 2021 C-17"]
[Site "Jatrzebia Gora"]
[Date "1899-12-30"]
[Round "6.25"]
[White "Wleklik, Mateusz"]
[Black "Bujnowski, Adam"]
[Result "1-0"]
[WhiteTitle "II"]
[BlackTitle "III"]
[WhiteElo "1341"]
[BlackElo "1176"]

1. e4 d6 2. d4 Nf6 3. Nc3 g6 4. f4 Bg7 5. Nf3 c5 6. Bb5+ Bd7 7. e5 Bxb5 8. Nxb5
Qa5+ 9. Nc3 Ne4 10. Qd3 Nxc3 11. bxc3 cxd4 12. Bd2 dxc3 13. Bxc3 Qc7 14. O-O Nd7
15. Rae1 Rc8 16. Ba1 Nc5 17. Qb5+ Kf8 18. Kh1 h6 19. Nh4 Qc6 20. Qe2 dxe5 21.
fxe5 Kg8 22. Qg4 h5 23. Qg5 Ne4 24. Qxe7 Rf8 25. e6 Bxa1 26. Nxg6 Bg7 27. Nxf8
f6 28. Qf7# 1-0

[Event "POLFINALY MISTRZOSTW POLSKI JUNIOROW 2021 C-17"]
[Site "Jatrzebia Gora"]
[Date "1899-12-30"]
[Round "7.1"]
[White "Kietrys, Maciej"]
[Black "Kaliszuk, Kamil"]
[Result "1/2-1/2"]
[WhiteTitle "I"]
[BlackTitle "I+"]
[WhiteElo "1860"]
[BlackElo "1830"]

1. e4 e5 2. Nf3 Nc6 3. Bc4 Bc5 4. d3 Nf6 5. Nc3 h6 6. h3 a6 7. Be3 Bxe3 8. fxe3
d6 9. Qd2 Na5 10. Bb3 Nxb3 11. axb3 O-O 12. O-O Qe7 13. Qf2 c6 14. Nh4 d5 15.
Rad1 dxe4 16. Nxe4 Nxe4 17. dxe4 Be6 18. Nf5 Bxf5 19. exf5 Rad8 20. e4 Rxd1 21.
Rxd1 Rd8 22. Rxd8+ Qxd8 23. Qc5 f6 24. Qc4+ Kh8 25. Qf7 Qd1+ 26. Kh2 Qd2 27. Qe8+
Kh7 28. Qg6+ Kh8 29. Qe8+ Kh7 30. Qg6+ Kh8 31. Qe8+ 1/2-1/2

[Event "POLFINALY MISTRZOSTW POLSKI JUNIOROW 2021 C-17"]
[Site "Jatrzebia Gora"]
[Date "1899-12-30"]
[Round "7.2"]
[White "Kasprzak, Lukasz"]
[Black "Zabron, Maksym"]
[Result "1/2-1/2"]
[WhiteTitle "II+"]
[BlackTitle "I++"]
[WhiteElo "1758"]
[BlackElo "1896"]

1. d4 Nf6 2. c4 e6 3. Nc3 Bb4 4. Qc2 d5 5. cxd5 Qxd5 6. Nf3 Qf5 7. Qxf5 exf5 8.
Bd2 c6 9. e3 O-O 10. Bd3 h6 11. O-O Be6 12. a3 Bxc3 13. bxc3 Ne4 14. Rfb1 Nd6
15. Be1 Nd7 16. Nd2 b5 17. f3 Nb6 18. Bg3 Ndc4 19. Bxc4 Nxc4 20. Nxc4 Bxc4 21.
a4 a6 22. Kf2 Rfe8 23. h4 f6 24. Bd6 Kf7 25. Bc5 g5 26. a5 Re6 27. g3 Rae8 28.
Re1 Kg6 29. Bb6 Bd5 30. Re2 g4 31. f4 Bc4 32. Ree1 Kf7 33. Rab1 Re4 34. Rb4 Ke6
35. Bc5 Kd5 36. Rb2 R4e6 37. Bb6 Bd3 38. Rb4 Bc4 39. Rb2 Rb8 40. Bc5 Rbe8 41.
Bb6 Rb8 42. Bc5 1/2-1/2

[Event "POLFINALY MISTRZOSTW POLSKI JUNIOROW 2021 C-17"]
[Site "Jatrzebia Gora"]
[Date "1899-12-30"]
[Round "7.4"]
[White "Topola, Rafal"]
[Black "Piechota, Kamil"]
[Result "1-0"]
[WhiteTitle "I"]
[BlackTitle "I"]
[WhiteElo "1961"]
[BlackElo "1752"]

1. e4 c5 2. Nf3 Nc6 3. d4 cxd4 4. Nxd4 e6 5. Nb5 Nf6 6. N1c3 Bb4 7. a3 Bxc3+ 8.
Nxc3 d5 9. exd5 exd5 10. Bd3 O-O 11. O-O d4 12. Ne2 a6 13. b3 Re8 14. Bb2 g6 15.
Qd2 Qd6 16. Rfe1 Bd7 17. Qf4 Qxf4 18. Nxf4 Rxe1+ 19. Rxe1 Rd8 20. f3 Kf8 21. Kf2
Bc8 22. g4 Nd7 23. Rd1 Nde5 24. Bf1 g5 25. Ne2 d3 26. Bxe5 Nxe5 27. Nc1 f5 28.
gxf5 Bxf5 29. Nxd3 g4 30. Be2 Bxd3 31. fxg4 Rd4 32. Bxd3 Nxg4+ 33. Kg3 Ne5 34.
h3 Kg7 35. Re1 Nc6 36. Re4 Rd6 37. Rg4+ 1-0

[Event "POLFINALY MISTRZOSTW POLSKI JUNIOROW 2021 C-17"]
[Site "Jatrzebia Gora"]
[Date "1899-12-30"]
[Round "7.5"]
[White "Krasniewski, Szymon"]
[Black "Ciborowski, Konrad Jr"]
[Result "0-1"]
[WhiteTitle "I"]
[BlackTitle "I++"]
[WhiteElo "1821"]
[BlackElo "1871"]

1. d4 f5 2. c4 Nf6 3. Nc3 d6 4. Nf3 g6 5. g3 Bg7 6. Bg2 O-O 7. O-O c6 8. Re1 Nh5
9. e4 f4 10. Ne2 fxg3 11. fxg3 Na6 12. Be3 Bd7 13. Qd2 Rb8 14. Bh6 c5 15. Bxg7
Kxg7 16. Rf1 b5 17. Ng5 Qb6 18. Rxf8 Rxf8 19. d5 bxc4 20. Qc3+ Kg8 21. Bh3 Bxh3
22. Nxh3 Rb8 23. Rb1 Qb4 24. Qc2 Nc7 25. Nc3 Nb5 26. Nxb5 Rxb5 27. Nf2 c3 28.
b3 c4 29. Nd1 cxb3 30. Rxb3 Qd4+ 31. Kh1 Rxb3 32. axb3 Nf6 33. Nxc3 Ng4 34. Nd1
Qxd1+ 0-1